مكتبة جامعة عجلون الوطنية

فهرس بحث المكتبة

Normal view MARC view
  • منتدى الفكر العربي، عمان؛ تحرير فاتن خليل البستاني

Entry Personal Name

Number of records used in: 1

001 - CONTROL NUMBER

  • control field: 56710

003 - CONTROL NUMBER IDENTIFIER

  • control field: JO-AjAnu

005 - DATE AND TIME OF LATEST TRANSACTION

  • control field: 20230606083307.0

008 - FIXED-LENGTH DATA ELEMENTS

  • fixed length control field: 230606|| aca||aabn | a|a d

040 ## - CATALOGING SOURCE

  • Original cataloging agency: JO-AjAnu
  • Transcribing agency: JO-AjAnu

100 ## - HEADING--PERSONAL NAME

  • Personal name: منتدى الفكر العربي، عمان؛ تحرير فاتن خليل البستاني

670 ## - SOURCE DATA FOUND

  • Source citation: Work cat.: (JO-AjAnu)28939: منتدى الفكر العربي، عمان؛ تحرير فاتن خليل البستاني, author, التعليم العالي في البلدان العربية: السياسات والآفاق